000 00432nam a2200169Ia 4500
008 230711s9999||||xx |||||||||||||| ||und||
041 _aENG
082 _a621.3
_bTH-E
100 _aTheraja,B.L
245 2 _aA textbook of electrical technology V-IV
250 _a1st Ed.
260 _c2010
_aNew Delhi
_bS.Chand & Company Ltd
300 _a2017-2736p.
650 _aElectrical Engineering
700 _aTheraja,A.K
942 _cBK
999 _c7713
_d7713